[Event "CAN-op"]
[Site "Victoria CAN"]
[Date "2012.07.09"]
[Round "3"]
[White "Piasetski, Leon"]
[Black "Chen, Howard"]
[Result "1-0"]
[WhiteElo "2290"]
[BlackElo "2357"]
[PlyCount "83"]
[GameId "2160767909442590"]
[EventDate "2012.07.08"]
[EventType "swiss"]
[EventRounds "9"]
[EventCountry "CAN"]
[SourceTitle "CBM 149 Extra"]
[Source "ChessBase"]
[SourceDate "2012.08.24"]
[SourceVersion "1"]
[SourceVersionDate "2012.08.24"]
[SourceQuality "1"]

1. c4 g6 2. e4 Bg7 3. d4 d6 4. Nc3 Nf6 5. Nf3 O-O 6. Be2 e5 7. Be3 Nc6 8. d5 Ne7 9. Nd2 Nd7 10. b4 f5 11. f3 fxe4 12. fxe4 a5 13. bxa5 Rxa5 14. Nb3 Ra8 15. a4 Kh8 16. Bf3 Ng8 17. O-O Bh6 18. Bf2 Ndf6 19. c5 Bd7 20. cxd6 cxd6 21. a5 g5 22. Bb6 Qe8 23. Qd3 Rc8 24. Nd2 g4 25. Be2 Bg5 26. Nc4 Qe7 27. Rab1 Nh5 28. g3 Nh6 29. Bf2 Be8 30. Rb6 Rf6 31. Be1 Rc5 32. Rxf6 Nxf6 33. Bf2 Rc7 34. Nxd6 Bg6 35. Nc4 Rd7 36. Re6 Qb4 37. Nxe5 Bxe4 38. Qd4 Qxd4 39. Bxd4 Rc7 40. Nxe4 Rc1+ 41. Bf1 Nf5 42. Nxg5 1-0

[Event "CAN-op"]
[Site "Victoria CAN"]
[Date "2012.07.09"]
[Round "3"]
[White "Plotkin, Mark"]
[Black "Erichsen, Dan"]
[Result "0-1"]
[WhiteElo "1877"]
[BlackElo "2123"]
[PlyCount "121"]
[GameId "2160767909442591"]
[EventDate "2012.07.08"]
[EventType "swiss"]
[EventRounds "9"]
[EventCountry "CAN"]
[SourceTitle "CBM 149 Extra"]
[Source "ChessBase"]
[SourceDate "2012.08.24"]
[SourceVersion "1"]
[SourceVersionDate "2012.08.24"]
[SourceQuality "1"]

1. e4 e5 2. Nf3 Nc6 3. Bc4 Nf6 4. O-O Nxe4 5. Nc3 Nxc3 6. dxc3 f6 7. Nh4 Qe7 8. Qh5+ Kd8 9. Nf5 g6 10. Nxe7 gxh5 11. Nd5 Be7 12. Bh6 Bf8 13. Be3 Bg7 14. Rad1 d6 15. Be2 Bg4 16. f3 Be6 17. c4 Kd7 18. c5 Bxd5 19. Rxd5 Ne7 20. Bb5+ Ke6 21. Rd2 d5 22. Bd3 c6 23. c4 d4 24. Bf2 Ng6 25. Re1 Bh6 26. Rdd1 Kf7 27. g3 Rhg8 28. Kf1 h4 29. b4 hxg3 30. hxg3 Rad8 31. Ke2 Bg5 32. Rh1 Kg7 33. Be4 h6 34. Rb1 Ne7 35. g4 Rgf8 36. b5 f5 37. gxf5 Nxf5 38. bxc6 bxc6 39. Rb7+ Ne7 40. Bg3 Kf6 41. Rhb1 Ra8 42. Rxe7 Kxe7 43. Bxe5 Bf4 44. Rb7+ Ke6 45. Bxf4 Rxf4 46. Rh7 Rh4 47. Bxc6 Rd8 48. Kd3 Rh1 49. Bb5 Rh3 50. c6 Rxf3+ 51. Ke2 Rf7 52. Rxf7 Kxf7 53. Ba6 Re8+ 54. Kd3 Re7 55. Kxd4 Ke8 56. Kd5 Kd8 57. Kd6 Rg7 58. Bb7 Rg6+ 59. Ke5 Kc7 60. c5 a5 61. a4 0-1

[Event "CAN-op"]
[Site "Victoria CAN"]
[Date "2012.07.09"]
[Round "3"]
[White "Sohal, Tanraj"]
[Black "Porper, Edward"]
[Result "1/2-1/2"]
[WhiteElo "2102"]
[BlackElo "2421"]
[PlyCount "51"]
[GameId "2160767909442592"]
[EventDate "2012.07.08"]
[EventType "swiss"]
[EventRounds "9"]
[EventCountry "CAN"]
[SourceTitle "EXT 2014"]
[Source "ChessBase"]
[SourceDate "2013.11.20"]
[SourceVersion "1"]
[SourceVersionDate "2013.11.20"]
[SourceQuality "1"]

1. d4 Nf6 2. c4 Nc6 3. Nf3 e6 4. g3 Bb4+ 5. Bd2 Qe7 6. Bg2 Bxd2+ 7. Nbxd2 d6 8. e4 e5 9. d5 Nb8 10. O-O O-O 11. Ne1 a5 12. Nd3 Na6 13. Qc2 Nd7 14. a3 Nac5 15. b4 Nxd3 16. Qxd3 b6 17. Qc3 Bb7 18. Nb3 a4 19. Nd2 Rfc8 20. Rae1 g6 21. Bh3 Rf8 22. f4 Rae8 23. Bxd7 Qxd7 24. f5 f6 25. b5 Qg7 26. Qe3 1/2-1/2

[Event "CAN-op"]
[Site "Victoria CAN"]
[Date "2012.07.09"]
[Round "3"]
[White "Thomson, Bruce"]
[Black "Dunn, Garth"]
[Result "0-1"]
[WhiteElo "1634"]
[BlackElo "1741"]
[PlyCount "66"]
[GameId "2160767909442593"]
[EventDate "2012.07.08"]
[EventType "swiss"]
[EventRounds "9"]
[EventCountry "CAN"]
[SourceTitle "EXT 2022"]
[Source "ChessBase"]
[SourceDate "2021.10.06"]
[SourceVersion "1"]
[SourceVersionDate "2021.10.06"]
[SourceQuality "1"]

1. d4 Nf6 2. c4 g6 3. Nc3 Bg7 4. e4 d6 5. Nf3 O-O 6. Be2 Nbd7 7. O-O c5 8. d5 a6 9. a4 Re8 10. h3 Nf8 11. Bf4 e6 12. Qd2 exd5 13. exd5 Bf5 14. Bd3 Ne4 15. Nxe4 Bxe4 16. Rab1 Bxf3 17. gxf3 Qh4 18. Kh2 Be5 19. Bg3 Qf6 20. Kg2 Nd7 21. a5 h5 22. h4 Bd4 23. f4 Kg7 24. Qc2 Re7 25. b3 Rae8 26. Qd1 Kh7 27. Qxh5+ Kg7 28. Qg4 Bc3 29. h5 Rg8 30. Bh4 Qd4 31. Bxe7 Ne5 32. h6+ Kh7 33. Bxd6 Nxg4 0-1

[Event "CAN-op"]
[Site "Victoria CAN"]
[Date "2012.07.09"]
[Round "3"]
[White "Trochtchanovitch, Pavel"]
[Black "Rotariu, Constantin"]
[Result "1/2-1/2"]
[WhiteElo "2014"]
[BlackElo "1680"]
[PlyCount "89"]
[GameId "2160767909442594"]
[EventDate "2012.07.08"]
[EventType "swiss"]
[EventRounds "9"]
[EventCountry "CAN"]

1. e4 e5 2. Nf3 Nc6 3. Bc4 Bc5 4. O-O Nf6 5. d4 Nxd4 6. Nxe5 Ne6 7. Nc3 O-O 8. Kh1 d6 9. Ng4 Nd4 10. Nxf6+ Qxf6 11. Nd5 Qd8 12. b4 c6 13. bxc5 cxd5 14. Qxd4 dxc4 15. cxd6 Be6 16. f4 Qb6 17. Bb2 Qxd4 18. Bxd4 b5 19. Rf3 Rfb8 20. a3 a5 21. c3 f5 22. Re1 b4 23. Rg3 g6 24. exf5 Bxf5 25. cxb4 axb4 26. axb4 Rxb4 27. h3 Rb3 28. Rxb3 cxb3 29. Re7 Rd8 30. Rg7+ Kf8 31. Rb7 Be6 32. Be5 Rd7 33. Rb8+ Kf7 34. Kh2 h5 35. Kg3 Bc4 36. Kh4 Bd5 37. g3 Rb7 38. Rxb7+ Bxb7 39. Kg5 Bc8 40. g4 hxg4 41. hxg4 Bd7 42. Kh4 Ke6 43. Kg5 Kf7 44. Bf6 Bxg4 45. Be5 1/2-1/2

[Event "CAN-op"]
[Site "Victoria CAN"]
[Date "2012.07.09"]
[Round "3"]
[White "Villavieja, Butch"]
[Black "Hansen, Eric"]
[Result "0-1"]
[WhiteElo "2303"]
[BlackElo "2580"]
[PlyCount "88"]
[GameId "2160767909442596"]
[EventDate "2012.07.08"]
[EventType "swiss"]
[EventRounds "9"]
[EventCountry "CAN"]

1. e4 c5 2. Nf3 d6 3. d4 cxd4 4. Nxd4 Nf6 5. Nc3 a6 6. Rg1 e5 7. Nb3 Be6 8. g4 d5 9. g5 Nxe4 10. Nxe4 dxe4 11. Qxd8+ Kxd8 12. Bg2 Kc7 13. Bxe4 h6 14. f4 hxg5 15. fxe5 Rh4 16. Bd3 f6 17. Be3 Nc6 18. exf6 gxf6 19. O-O-O Bd6 20. Nc5 Re8 21. Bg6 Re7 22. Bf2 Bf4+ 23. Kb1 Rxh2 24. Nxe6+ Rxe6 25. Bc5 Bd6 26. Rge1 Rd2 27. Bg1 g4 28. Bf5 Rxe1 29. Rxe1 g3 30. Be4 Be5 31. c3 Na5 32. Kc1 Bf4 33. Be3 Rf2 34. Bxf4+ Rxf4 35. Bd5 Nc6 36. Re2 Ne5 37. Kd2 Rf2 38. Rxf2 gxf2 39. Bg2 Nc4+ 40. Ke2 Nxb2 41. Kxf2 Nd1+ 42. Ke1 Nxc3 43. a3 a5 44. Bf1 Nb1 0-1

[Event "CAN-op"]
[Site "Victoria CAN"]
[Date "2012.07.09"]
[Round "3"]
[White "Wagner, Bernd"]
[Black "Beaudin, Jesse"]
[Result "1-0"]
[WhiteElo "2218"]
[BlackElo "1994"]
[PlyCount "71"]
[GameId "2160767909442597"]
[EventDate "2012.07.08"]
[EventType "swiss"]
[EventRounds "9"]
[EventCountry "CAN"]

1. e4 c5 2. Nf3 d6 3. d4 cxd4 4. Nxd4 Nf6 5. Nc3 a6 6. Be3 Nc6 7. f3 e5 8. Nb3 Be6 9. Qd2 b5 10. a4 Bxb3 11. cxb3 Qa5 12. Nxb5 axb5 13. Bxb5 Qxb5 14. axb5 Rxa1+ 15. Kf2 Rxh1 16. bxc6 Be7 17. Qb4 O-O 18. c7 Ra1 19. Qb7 Raa8 20. b4 Rac8 21. b5 Nd7 22. b6 h6 23. Qc6 Nxb6 24. Bxb6 Bh4+ 25. g3 Be7 26. Qd7 Rfe8 27. b4 Kf8 28. b5 Ra8 29. Ba5 d5 30. exd5 Bc5+ 31. Kg2 h5 32. b6 Rxa5 33. b7 Ra2+ 34. Kf1 Rf2+ 35. Ke1 Rc2 36. b8=Q 1-0

[Event "CAN-op"]
[Site "Victoria CAN"]
[Date "2012.07.09"]
[Round "3"]
[White "Wang, Richard"]
[Black "Awatramani, Janak"]
[Result "1-0"]
[WhiteElo "2442"]
[BlackElo "2129"]
[PlyCount "103"]
[GameId "2160767909442598"]
[EventDate "2012.07.08"]
[EventType "swiss"]
[EventRounds "9"]
[EventCountry "CAN"]

1. d4 b6 2. e4 Bb7 3. Bd3 e6 4. Nf3 Be7 5. e5 d5 6. c3 c5 7. O-O Nc6 8. Re1 a6 9. b3 g5 10. Be3 h5 11. a4 Nh6 12. Na3 Ng4 13. Nc2 Nxe3 14. fxe3 g4 15. Nd2 Qc7 16. Qe2 Nxe5 17. dxe5 Qxe5 18. c4 O-O-O 19. a5 Qc3 20. cxd5 Rxd5 21. Nd4 Rxd4 22. exd4 Qxd4+ 23. Kh1 Rd8 24. Bxa6 Qxd2 25. Qf1 bxa5 26. Bxb7+ Kxb7 27. Qxf7 Qd7 28. Rxe6 Bh4 29. Qxd7+ Rxd7 30. g3 Bd8 31. Rae1 Rd3 32. R6e3 Rd4 33. Re5 Kb6 34. Rc1 Kb5 35. Rcxc5+ Kb4 36. Rb5+ Ka3 37. Rxh5 Rb4 38. Rbd5 Bb6 39. Rd3 Re4 40. Rd1 Rb4 41. Rd3 Bc7 42. Rc5 Bb6 43. Rc1 Kb2 44. Re1 Bc7 45. Re2+ Ka3 46. Re7 Bb6 47. Kg2 Bd4 48. Rc7 Bb6 49. Rc6 Kb2 50. h3 gxh3+ 51. Kxh3 Bf2 52. Rd2+ 1-0

[Event "CAN-op"]
[Site "Victoria CAN"]
[Date "2012.07.09"]
[Round "3"]
[White "Wu, Howard"]
[Black "Zierk, Steven"]
[Result "1-0"]
[WhiteElo "2120"]
[BlackElo "2478"]
[PlyCount "73"]
[GameId "2160767909442599"]
[EventDate "2012.07.08"]
[EventType "swiss"]
[EventRounds "9"]
[EventCountry "CAN"]
[SourceTitle "CBM 149 Extra"]
[Source "ChessBase"]
[SourceDate "2012.08.24"]
[SourceVersion "1"]
[SourceVersionDate "2012.08.24"]
[SourceQuality "1"]

1. e4 e6 2. d4 d5 3. Nd2 Nf6 4. e5 Nfd7 5. Bd3 c5 6. c3 Nc6 7. Ne2 cxd4 8. cxd4 f6 9. exf6 Nxf6 10. Nf3 Bd6 11. O-O O-O 12. Bf4 Bxf4 13. Nxf4 Ne4 14. Qc1 Qf6 15. Nh5 Qg6 16. Nf4 Qg4 17. g3 g5 18. Ne5 Nxe5 19. dxe5 Rxf4 20. Bxe4 dxe4 21. h3 Qxh3 22. gxf4 Qg4+ 23. Kh2 Qh4+ 24. Kg2 Bd7 25. Qe3 gxf4 26. Qh3 Qg5+ 27. Kh2 Qxe5 28. Rg1+ Kh8 29. Rad1 Bc6 30. Qh4 f3+ 31. Kh3 Rf8 32. Rg5 Qf6 33. Rdg1 Qf7 34. Qg3 h6 35. Qe5+ Qf6 36. Rg8+ Kh7 37. R1g7+ 1-0

[Event "CAN-op"]
[Site "Victoria CAN"]
[Date "2012.07.09"]
[Round "3"]
[White "Yoos, John"]
[Black "Bragg, David"]
[Result "0-1"]
[WhiteElo "2343"]
[BlackElo "2165"]
[PlyCount "80"]
[GameId "2160767909442600"]
[EventDate "2012.07.08"]
[EventType "swiss"]
[EventRounds "9"]
[EventCountry "CAN"]
[SourceTitle "CBM 149 Extra"]
[Source "ChessBase"]
[SourceDate "2012.08.24"]
[SourceVersion "1"]
[SourceVersionDate "2012.08.24"]
[SourceQuality "1"]

1. e4 c6 2. d4 d5 3. e5 Bf5 4. Nf3 e6 5. Be2 Nd7 6. O-O Be7 7. b3 h5 8. c4 g5 9. Nc3 g4 10. Ne1 dxc4 11. Bxc4 f6 12. exf6 Ngxf6 13. Nc2 c5 14. Ne3 Nb6 15. Bb5+ Kf7 16. Nxf5 exf5 17. Ne2 c4 18. Bxc4+ Nxc4 19. bxc4 h4 20. Qd3 Qd7 21. Rb1 b6 22. Rb5 Rh5 23. Nf4 Rg5 24. Nd5 Rh5 25. Nxf6 Kxf6 26. Bf4 Bc5 27. Be5+ Kf7 28. Qe3 Bf8 29. f3 g3 30. hxg3 hxg3 31. Bxg3 Re8 32. Rd5 Qc8 33. Qd3 Bh6 34. Be5 Rg8 35. f4 Bf8 36. Rc1 Qe6 37. Qf3 Rg4 38. Kf2 Be7 39. Rg1 Rh2 40. Rb5 Bh4+ 0-1

[Event "CAN-op"]
[Site "Victoria CAN"]
[Date "2012.07.09"]
[Round "4"]
[White "Aquino, Manfrei"]
[Black "Gedajlovic, Max"]
[Result "1-0"]
[WhiteElo "1827"]
[BlackElo "1601"]
[PlyCount "53"]
[GameId "2160767909442601"]
[EventDate "2012.07.08"]
[EventType "swiss"]
[EventRounds "9"]
[EventCountry "CAN"]
[SourceTitle "EXT 2022"]
[Source "ChessBase"]
[SourceDate "2021.10.06"]
[SourceVersion "1"]
[SourceVersionDate "2021.10.06"]
[SourceQuality "1"]

1. d4 Nf6 2. c4 g6 3. Nc3 Bg7 4. e4 d6 5. f3 O-O 6. Be3 e5 7. d5 c6 8. Nge2 cxd5 9. cxd5 a6 10. Qd2 b5 11. g4 Nbd7 12. Ng3 Bb7 13. h4 Rc8 14. h5 Bh8 15. Be2 b4 16. Nd1 a5 17. Bh6 Re8 18. hxg6 hxg6 19. Nf5 Qc7 20. Bg7 Nh5 21. Qh6 Bxg7 22. Nxg7 Bxd5 23. Nxe8 Rxe8 24. exd5 e4 25. f4 Nc5 26. gxh5 Nd3+ 27. Kf1 1-0

[Event "CAN-op"]
[Site "Victoria CAN"]
[Date "2012.07.09"]
[Round "4"]
[White "Awatramani, Janak"]
[Black "Pechisker, Alfred"]
[Result "1/2-1/2"]
[WhiteElo "2129"]
[BlackElo "2278"]
[PlyCount "75"]
[GameId "2160767909442602"]
[EventDate "2012.07.08"]
[EventType "swiss"]
[EventRounds "9"]
[EventCountry "CAN"]

1. g3 d5 2. Bg2 c5 3. d3 Nc6 4. Nc3 Nf6 5. e4 d4 6. Nce2 e5 7. h3 Bd6 8. f4 Qe7 9. b3 Bd7 10. Nf3 O-O-O 11. Bd2 Ne8 12. f5 f6 13. g4 Nc7 14. g5 Rdg8 15. O-O fxg5 16. Bxg5 Qf7 17. Ng3 h6 18. Bd2 g5 19. Kf2 Be7 20. Nh2 Ne6 21. Nh5 Nf4 22. Nxf4 gxf4 23. Bf3 h5 24. Rh1 Bh4+ 25. Ke2 Rg7 26. Be1 Qf6 27. Bxh4 Qxh4 28. Nf1 b6 29. Qe1 Qf6 30. Qf2 Be8 31. a3 Nd8 32. Nh2 Nf7 33. Rag1 Ng5 34. Qf1 Rhg8 35. Kd2 b5 36. Be2 Qa6 37. h4 Nh7 38. Nf3 1/2-1/2

[Event "CAN-op"]
[Site "Victoria CAN"]
[Date "2012.07.09"]
[Round "4"]
[White "Beaudin, Jesse"]
[Black "Chan, James"]
[Result "1/2-1/2"]
[WhiteElo "1994"]
[BlackElo "2128"]
[PlyCount "61"]
[GameId "2160767909442603"]
[EventDate "2012.07.08"]
[EventType "swiss"]
[EventRounds "9"]
[EventCountry "CAN"]

1. e4 e5 2. Nf3 Nc6 3. Bb5 a6 4. Ba4 Nf6 5. O-O Be7 6. Re1 b5 7. Bb3 d6 8. c3 O-O 9. d4 Bg4 10. Bg5 exd4 11. cxd4 Na5 12. Bc2 c5 13. h3 Bh5 14. Nc3 Nc6 15. g4 Bg6 16. d5 Ne5 17. Nxe5 dxe5 18. Bxf6 Bxf6 19. Ne2 Bh4 20. Ng3 Bxg3 21. fxg3 c4 22. Qe2 Qb6+ 23. Qe3 Qd4 24. Rab1 Rac8 25. Kf2 Rfd8 26. Red1 Qc5 27. Qxc5 Rxc5 28. Ke3 Kf8 29. b4 Rcc8 30. a4 Ke7 31. Kd2 1/2-1/2

[Event "CAN-op"]
[Site "Victoria CAN"]
[Date "2012.07.09"]
[Round "4"]
[White "Bragg, David"]
[Black "Perelshteyn, Eugene"]
[Result "0-1"]
[WhiteElo "2165"]
[BlackElo "2525"]
[PlyCount "52"]
[GameId "2160767909442604"]
[EventDate "2012.07.08"]
[EventType "swiss"]
[EventRounds "9"]
[EventCountry "CAN"]
[SourceTitle "CBM 149 Extra"]
[Source "ChessBase"]
[SourceDate "2012.08.24"]
[SourceVersion "1"]
[SourceVersionDate "2012.08.24"]
[SourceQuality "1"]

1. e4 c5 2. Nf3 g6 3. c3 Bg7 4. g3 d5 5. d3 dxe4 6. dxe4 Qxd1+ 7. Kxd1 Nf6 8. Nbd2 O-O 9. h3 Rd8 10. Kc2 Nc6 11. Bg2 h6 12. Re1 Be6 13. b3 Rac8 14. Bb2 c4 15. Bf1 cxb3+ 16. axb3 Nd7 17. g4 Nb4+ 18. Kb1 Bxc3 19. Bxc3 Rxc3 20. Rxa7 Nc5 21. Rc1 Rxc1+ 22. Kxc1 Bxb3 23. Nxb3 Nxb3+ 24. Kb2 Nc5 25. Bb5 Nbd3+ 26. Bxd3 Rxd3 0-1

[Event "CAN-op"]
[Site "Victoria CAN"]
[Date "2012.07.09"]
[Round "4"]
[White "Calugar, Arthur"]
[Black "Babb, Jeff"]
[Result "1-0"]
[WhiteElo "2273"]
[BlackElo "2144"]
[PlyCount "81"]
[GameId "2160767909442605"]
[EventDate "2012.07.08"]
[EventType "swiss"]
[EventRounds "9"]
[EventCountry "CAN"]
[SourceTitle "CBM 149 Extra"]
[Source "ChessBase"]
[SourceDate "2012.08.24"]
[SourceVersion "1"]
[SourceVersionDate "2012.08.24"]
[SourceQuality "1"]

1. b3 e5 2. Bb2 Nc6 3. e3 d6 4. Nf3 f5 5. d4 e4 6. d5 exf3 7. dxc6 bxc6 8. Qxf3 Bd7 9. Bd3 Nh6 10. O-O Qg5 11. e4 Be7 12. exf5 O-O 13. Nc3 d5 14. Nxd5 Bd6 15. Ne3 Rae8 16. Rae1 Nxf5 17. Nxf5 Rxe1 18. Rxe1 Bxf5 19. Bxf5 Qxf5 20. Qxf5 Rxf5 21. g4 Rf4 22. h3 h5 23. Bc1 Rf3 24. Kg2 hxg4 25. hxg4 Rc3 26. Re2 Rc5 27. c4 Ra5 28. f4 c5 29. Kf3 Ra6 30. Be3 Rb6 31. Ke4 Be7 32. Rd2 Re6+ 33. Kf3 Kf7 34. Rd5 Ra6 35. Bxc5 Bxc5 36. Rxc5 Rxa2 37. Rxc7+ Kg8 38. c5 a5 39. c6 Ra3 40. Rb7 a4 41. c7 1-0

[Event "CAN-op"]
[Site "Victoria CAN"]
[Date "2012.07.09"]
[Round "4"]
[White "Cao, Jason"]
[Black "Laceste, Loren"]
[Result "0-1"]
[WhiteElo "2016"]
[BlackElo "2297"]
[PlyCount "68"]
[GameId "2160767909442606"]
[EventDate "2012.07.08"]
[EventType "swiss"]
[EventRounds "9"]
[EventCountry "CAN"]
[SourceTitle "CBM 149 Extra"]
[Source "ChessBase"]
[SourceDate "2012.08.24"]
[SourceVersion "1"]
[SourceVersionDate "2012.08.24"]
[SourceQuality "1"]

1. e4 c5 2. Nf3 Nc6 3. Bb5 Nf6 4. d3 Qa5+ 5. Nc3 Nd4 6. Bc4 b5 7. Bb3 Nxb3 8. cxb3 d6 9. O-O e5 10. Bg5 b4 11. Ne2 Be7 12. Ng3 Qd8 13. Nd2 O-O 14. Bxf6 Bxf6 15. Qf3 g6 16. Nc4 Bg7 17. a3 Rb8 18. axb4 Rxb4 19. Rxa7 Rxb3 20. Ra3 Rb4 21. h3 Be6 22. Qe2 Qb8 23. Ra6 d5 24. exd5 Bxd5 25. Ne4 f5 26. Nxc5 Rc8 27. Na4 Rcxc4 28. Rb6 Rxb6 29. Nxb6 Rd4 30. Nxd5 Rxd5 31. Qf3 Qd6 32. b4 Rb5 33. Qa8+ Bf8 34. Qa2+ Qd5 0-1

[Event "CAN-op"]
[Site "Victoria CAN"]
[Date "2012.07.09"]
[Round "4"]
[White "Chen, Howard"]
[Black "Kong, Dezheng"]
[Result "1-0"]
[WhiteElo "2357"]
[BlackElo "2057"]
[PlyCount "105"]
[GameId "2160767909442607"]
[EventDate "2012.07.08"]
[EventType "swiss"]
[EventRounds "9"]
[EventCountry "CAN"]
[SourceTitle "CBM 149 Extra"]
[Source "ChessBase"]
[SourceDate "2012.08.24"]
[SourceVersion "1"]
[SourceVersionDate "2012.08.24"]
[SourceQuality "1"]

1. d4 Nf6 2. Nf3 g6 3. c4 Bg7 4. g3 O-O 5. Bg2 d6 6. O-O Nbd7 7. Nc3 e5 8. e4 c6 9. h3 Qb6 10. c5 dxc5 11. dxe5 Ne8 12. Qc2 Qa6 13. Be3 Nc7 14. Rfd1 Ne6 15. Ne2 c4 16. Nf4 Nxe5 17. Nxe5 Bxe5 18. Nxe6 Bxe6 19. f4 Bg7 20. f5 Bc8 21. Kh1 Qb5 22. g4 Qxb2 23. Qxc4 Qc3 24. Qe2 Re8 25. Rac1 Qa3 26. Qf2 b5 27. Bc5 Qa5 28. Bd4 g5 29. Bxg7 Kxg7 30. Qb2+ f6 31. Rd6 Re5 32. Rxf6 b4 33. Rfxc6 Kf7 34. Rc7+ Ke8 35. Rxc8+ Rxc8 36. Rxc8+ Kd7 37. Qc2 Qb6 38. Rh8 Rc5 39. Qd3+ Kc7 40. Rxh7+ Kb8 41. Rh8+ Kc7 42. Qd8+ Kc6 43. Rh6+ Kb5 44. Rxb6+ axb6 45. f6 Rc1+ 46. Kh2 Ra1 47. f7 Rxa2 48. Qd5+ Ka6 49. Qxa2+ Kb7 50. e5+ Kc7 51. Qa7+ Kd8 52. e6 b3 53. Qd7# 1-0

[Event "CAN-op"]
[Site "Victoria CAN"]
[Date "2012.07.09"]
[Round "4"]
[White "Chernik, Dmitry"]
[Black "Molden, Leonard"]
[Result "1/2-1/2"]
[WhiteElo "2029"]
[BlackElo "1840"]
[PlyCount "91"]
[GameId "2160767909442608"]
[EventDate "2012.07.08"]
[EventType "swiss"]
[EventRounds "9"]
[EventCountry "CAN"]

1. e4 d6 2. d4 e5 3. dxe5 dxe5 4. Qxd8+ Kxd8 5. Bc4 Ke8 6. Ne2 Nf6 7. Nbc3 c6 8. Bg5 Nbd7 9. O-O-O b5 10. Bb3 b4 11. Na4 Nxe4 12. Bh4 Be7 13. Bxe7 Kxe7 14. Rde1 Re8 15. Nd4 exd4 16. Rxe4+ Kf8 17. Rxd4 Re2 18. Rf4 f6 19. Bc4 Re7 20. Bd3 a5 21. Rd1 g5 22. Re4 Ne5 23. Nb6 Nxd3+ 24. cxd3 Rb8 25. Nxc8 Rxc8 26. Rde1 Rce8 27. Kc2 f5 28. Rxe7 Rxe7 29. Rxe7 Kxe7 30. Kb3 Kd6 31. Ka4 Kc5 32. Kxa5 h5 33. g3 f4 34. a4 bxa3 35. bxa3 f3 36. a4 Kd4 37. Kb6 Kxd3 38. a5 Ke2 39. a6 Kxf2 40. a7 Kg1 41. a8=Q f2 42. Qxc6 f1=Q 43. Qg6 Qf2+ 44. Kb5 Kxh2 45. Qxg5 Qxg3 46. Qxh5+ 1/2-1/2

[Event "CAN-op"]
[Site "Victoria CAN"]
[Date "2012.07.09"]
[Round "4"]
[White "Daswani, Benedict"]
[Black "Currie, James"]
[Result "0-1"]
[WhiteElo "2072"]
[BlackElo "1954"]
[PlyCount "94"]
[GameId "2160767909442609"]
[EventDate "2012.07.08"]
[EventType "swiss"]
[EventRounds "9"]
[EventCountry "CAN"]

1. g3 Na6 2. Bg2 c6 3. Nf3 b6 4. a3 Bb7 5. b4 Nh6 6. Bb2 f6 7. Nc3 Nf7 8. e4 e5 9. O-O d5 10. b5 Nc7 11. bxc6 Bxc6 12. exd5 Nxd5 13. Qe2 Be7 14. Nxd5 Qxd5 15. Nh4 e4 16. d3 f5 17. dxe4 fxe4 18. Rfe1 Nd6 19. Rad1 Qe6 20. Qh5+ Qf7 21. Qxf7+ Kxf7 22. Be5 Nc4 23. Bxg7 Rhe8 24. Bxe4 Bxe4 25. Rxe4 Nd6 26. Rf4+ Kxg7 27. Rxd6 Bxd6 28. Nf5+ Kh8 29. Nxd6 Re2 30. Rc4 Rf8 31. f4 Kg8 32. Rc7 Rd8 33. Rc8 Ree8 34. Rxd8 Rxd8 35. Nb5 Rd7 36. Kg2 a6 37. Nc3 Rd2+ 38. Kh3 Rxc2 39. Nd5 b5 40. Nb4 Rc3 41. Nxa6 Rxa3 42. Nb4 Rb3 43. Nd5 b4 44. Kg4 Rb1 45. Kg5 b3 46. Nf6+ Kf7 47. Nd7 Re1 0-1

[Event "CAN-op"]
[Site "Victoria CAN"]
[Date "2012.07.09"]
[Round "4"]
[White "Doubleday, William"]
[Black "Kazmaier, Daniel"]
[Result "1-0"]
[WhiteElo "2064"]
[BlackElo "2198"]
[PlyCount "55"]
[GameId "2160767909442610"]
[EventDate "2012.07.08"]
[EventType "swiss"]
[EventRounds "9"]
[EventCountry "CAN"]
[SourceTitle "CBM 149 Extra"]
[Source "ChessBase"]
[SourceDate "2012.08.24"]
[SourceVersion "1"]
[SourceVersionDate "2012.08.24"]
[SourceQuality "1"]

1. d4 f5 2. Nc3 Nf6 3. Bg5 e6 4. e4 fxe4 5. Nxe4 Be7 6. Bd3 Nxe4 7. Bxe7 Nxf2 8. Qh5+ Kxe7 9. Qh4+ Kf7 10. Qxf2+ Ke8 11. Nf3 d6 12. O-O Qe7 13. Qg3 Nd7 14. Rae1 Nf6 15. Bf5 Kd8 16. Ng5 h6 17. Nxe6+ Bxe6 18. Rxe6 Qf7 19. Qb3 c6 20. Rfe1 d5 21. Re7 Qxe7 22. Rxe7 Kxe7 23. Qb4+ c5 24. Qxc5+ Kf7 25. Qc7+ Kg8 26. Bg6 Rf8 27. Qe7 h5 28. Qe6+ 1-0

[Event "CAN-op"]
[Site "Victoria CAN"]
[Date "2012.07.09"]
[Round "4"]
[White "Erichsen, Dan"]
[Black "Lane, Travis"]
[Result "1/2-1/2"]
[WhiteElo "2123"]
[BlackElo "2158"]
[PlyCount "45"]
[GameId "2160767909442611"]
[EventDate "2012.07.08"]
[EventType "swiss"]
[EventRounds "9"]
[EventCountry "CAN"]
[SourceTitle "CBM 149 Extra"]
[Source "ChessBase"]
[SourceDate "2012.08.24"]
[SourceVersion "1"]
[SourceVersionDate "2012.08.24"]
[SourceQuality "1"]

1. e4 c5 2. Nf3 Nc6 3. d4 cxd4 4. Nxd4 Nf6 5. Nc3 e5 6. Ndb5 d6 7. a4 a6 8. Na3 Be6 9. Bc4 Rc8 10. Bg5 Be7 11. Bxf6 Bxf6 12. O-O Nd4 13. Qd3 O-O 14. Bd5 Qc7 15. Rae1 Nc6 16. Rd1 Nb4 17. Qg3 Nxd5 18. Nxd5 Bxd5 19. Rxd5 Be7 20. Qd3 g6 21. b3 Qc3 22. Nc4 Qxd3 23. Rxd3 1/2-1/2

[Event "CAN-op"]
[Site "Victoria CAN"]
[Date "2012.07.09"]
[Round "4"]
[White "Han, Yifei"]
[Black "Kosinski, George"]
[Result "0-1"]
[WhiteElo "1855"]
[BlackElo "1773"]
[PlyCount "82"]
[GameId "2160767909442612"]
[EventDate "2012.07.08"]
[EventType "swiss"]
[EventRounds "9"]
[EventCountry "CAN"]
[SourceTitle "EXT 2022"]
[Source "ChessBase"]
[SourceDate "2021.10.06"]
[SourceVersion "1"]
[SourceVersionDate "2021.10.06"]
[SourceQuality "1"]

1. e4 g6 2. d4 Bg7 3. Be3 d6 4. Nc3 a6 5. h4 h5 6. f3 b5 7. a4 b4 8. Nd5 a5 9. Bc4 c6 10. Nf4 e6 11. Bb3 Qc7 12. Ngh3 d5 13. e5 c5 14. c3 c4 15. Bc2 b3 16. Bb1 Ne7 17. Ng5 Ra6 18. g4 Nd7 19. Qd2 Nf8 20. gxh5 Nf5 21. Bxf5 gxf5 22. Rg1 Bh6 23. Kf2 Qe7 24. Rg2 Bd7 25. Ke2 Kd8 26. Nfh3 Kc8 27. Rag1 Kb7 28. Nxf7 Bxe3 29. Nd6+ Rxd6 30. exd6 Qxh4 31. Qxe3 Qxh3 32. Qg5 Qxh5 33. Qd8 Qh7 34. Rg7 Qh2+ 35. R1g2 Qh1 36. Rxd7+ Nxd7 37. Qxd7+ Ka8 38. Qc6+ Kb8 39. Qc7+ Ka8 40. d7 Qxg2+ 41. Ke3 Qg1+ 0-1